The redeemer/ (Record no. 11177)

MARC details
000 -LEADER
fixed length control field 00531nam a22001937a 4500
005 - DATE AND TIME OF LATEST TRANSACTION
control field 20210409131253.0
008 - FIXED-LENGTH DATA ELEMENTS--GENERAL INFORMATION
fixed length control field 210409b ||||| |||| 00| 0 eng d
020 ## - INTERNATIONAL STANDARD BOOK NUMBER
International Standard Book Number 9789383252916
040 ## - CATALOGING SOURCE
Original cataloging agency IN-DiNC
Transcribing agency IN-DiNC
041 ## - LANGUAGE CODE
Language code of sung or spoken text English
082 ## - DEWEY DECIMAL CLASSIFICATION NUMBER
Classification number 823.92
Item number BOR
100 ## - MAIN ENTRY--PERSONAL NAME
Personal name Borkakoti, Sanjib Kumar
Relator term Author
245 ## - TITLE STATEMENT
Title The redeemer/
Statement of responsibility, etc. by Sanjib Kumar Borkakoti
250 ## - EDITION STATEMENT
Edition statement 1st ed.
260 ## - PUBLICATION, DISTRIBUTION, ETC.
Place of publication, distribution, etc. Guwahati:
Name of publisher, distributor, etc. EBH publishers,
Date of publication, distribution, etc. 2016
300 ## - PHYSICAL DESCRIPTION
Extent 210p.
650 ## - SUBJECT ADDED ENTRY--TOPICAL TERM
Topical term or geographic name entry element Biographical novel on Srimanta Sankaradeva
942 ## - ADDED ENTRY ELEMENTS (KOHA)
Source of classification or shelving scheme Dewey Decimal Classification
Koha item type Books
Holdings
Withdrawn status Lost status Source of classification or shelving scheme Damaged status Not for loan Collection code Home library Current library Shelving location Date acquired Cost, normal purchase price Total Checkouts Full call number Barcode Date last seen Copy number Price effective from Koha item type
    Dewey Decimal Classification     English Central Library, Naharkatiya College Central Library, Naharkatiya College General Stacks 09/04/2021 395.00   823.92 BOR 26669 09/04/2021 1 09/04/2021 Books

Naharkatiya College © 2020. All rights reserved.

Powered By